Historia de Mejico, desde los primeros movimientos que prepararon su Independencia en 1808 hasta la época presente

Detalles Bibliográficos
Autor principal: ALAMAN, Lucas
Formato: Libro
Publicado: s.l. 1850
Materias:
Colección:Banco de datos
Acervo:Biblioteca del Ex Convento de Nuestra Señora de Guadalupe. Zacatecas
Descripción Física:t. III,1a. parte
Tema general:Historia Civil
Notas:Buena. VI,4,11(1768). La portada presenta un ex libris manuscrito de fray Guadalupe de J. Alva. Sin marca de fuego
LEADER 00845nam a22002050004500
035 |a 41443 
036 |a 2627 
100 1 |a ALAMAN, Lucas 
245 1 0 |a Historia de Mejico, desde los primeros movimientos que prepararon su Independencia en 1808 hasta la época presente 
260 |a s.l.  |b imp. J. M. Lara  |c 1850 
300 |a t. III,1a. parte 
500 |a Buena. VI,4,11(1768). La portada presenta un ex libris manuscrito de fray Guadalupe de J. Alva. Sin marca de fuego 
650 1 0 |a Historia Civil 
949 |a CRZ-CG 
959 |a Ex convento de Nuestra Señora de Guadalupe, Museo Regional de Zacatecas, Zacatecas  |b CCC4 
960 |a Convento de Nuestra Señora de Guadalupe, Zacatecas  |b DD87 
961 |a Franciscana  |b OF 
942 |c CRZ-CG 
943 |g Biblioteca del Ex Convento de Nuestra Señora de Guadalupe. Zacatecas 
999 |c 965570  |d 965570